[Event "Montreal Pere Noel op"]
[Site "Montreal"]
[Date "2024.12.29"]
[Round "4"]
[White "Tang Han, Sean"]
[Black "Efpraxiadis, Jean"]
[Result "0-1"]
[WhiteElo "1615"]
[BlackElo "1773"]
[PlyCount "132"]
[EventDate "2024.12.27"]
[EventType "swiss"]
[EventRounds "5"]
[EventCountry "CAN"]
[SourceTitle "CB04_2025"]
[SourceDate "2025.01.22"]
[SourceVersion "1"]
[SourceVersionDate "2025.01.22"]
[SourceQuality "1"]

1. c4 c6 2. d4 d5 3. Nf3 Nf6 4. e3 e6 5. b3 Nbd7 6. Bb2 Be7 7. Bd3 b6 8. Nbd2 0-0 9. 0-0 Bb7 10. e4 dxe4 11. Nxe4 Nxe4 12. Bxe4 Nf6 13. Bc2 c5 14. dxc5 Bxc5 15. Qe2 Qe7 16. Ng5 h6 17. Bxf6 gxf6 18. Nh7 Rfd8 19. Qh5 Kg7 20. Rae1 Rg8 21. g3 Qc7 22. Qg4+ Kh8 23. Qh4 f5 24. Nf6 Rg6 25. Nh5 Qc6 26. Be4 fxe4 27. Re3 Bxe3 28. fxe3 Qc5 29. Nf4 Qxe3+ 30. Rf2 Rag8 31. Nxg6+ fxg6 32. Kf1 Qg5 33. Qh3 Bc8 34. Qg2 Qg4 35. Re2 Qf3+ 36. Ke1 Qxg2 37. Rxg2 Rd8 38. Rf2 Kg7 39. Rc2 e5 40. c5 bxc5 41. Rxc5 Kf6 42. Ke2 Re8 43. Ke3 Bf5 44. Rc7 Re7 45. Rc6+ Re6 46. Rc7 a6 47. Rc1 Rd6 48. Rf1 Rd3+ 49. Ke2 Ke6 50. Rg1 Bg4+ 51. Kf2 Rd2+ 52. Kf1 Rxa2 53. b4 Ra1+ 54. Kf2 Rxg1 55. Kxg1 Kd5 56. Kf2 Kd4 57. Ke1 Kc3 58. Kf2 Kxb4 59. Ke3 Bf3 60. Kd2 Kb3 61. h4 Kb2 62. Ke3 a5 63. g4 a4 64. g5 h5 65. Kd2 a3 66. Ke1 a2 0-1

[Event "Montreal Pere Noel op"]
[Site "Montreal"]
[Date "2024.12.28"]
[Round "2"]
[White "Jutras, Arnaud"]
[Black "Tang Han, Sean"]
[Result "1-0"]
[WhiteElo "1666"]
[BlackElo "1615"]
[PlyCount "99"]
[EventDate "2024.12.27"]
[EventType "swiss"]
[EventRounds "5"]
[EventCountry "CAN"]
[SourceTitle "CB04_2025"]
[SourceDate "2025.01.22"]
[SourceVersion "1"]
[SourceVersionDate "2025.01.22"]
[SourceQuality "1"]

1. c4 Nf6 2. g3 g6 3. Bg2 Bg7 4. Nc3 d6 5. d4 0-0 6. Nf3 Nbd7 7. 0-0 e5 8. e3 c6 9. dxe5 dxe5 10. Qc2 Re8 11. Rd1 a5 12. Ng5 Qc7 13. Nge4 Nxe4 14. Nxe4 f5 15. Nd6 Rd8 16. c5 Nxc5 17. Qxc5 Bf8 18. Qxe5 Rxd6 19. Rxd6 Qxd6 20. Qxd6 Bxd6 21. b3 Be5 22. Rb1 Be6 23. Bb2 Bxb2 24. Rxb2 a4 25. bxa4 Rxa4 26. Rxb7 Rxa2 27. Bxc6 Rc2 28. Bf3 g5 29. Rb1 Kg7 30. Kg2 Rd2 31. Rb7+ Kg6 32. Rb6 Kf7 33. Rb7+ Kg6 34. g4 h6 35. Rb6 Kf6 36. h3 f4 37. exf4 gxf4 38. g5+ Kf7 39. gxh6 Bxh3+ 40. Kxh3 Rxf2 41. Kg4 Rh2 42. Kxf4 Kf8 43. Kg5 Kf7 44. Rb7+ Kf8 45. Kg6 Rh3 46. Bg4 Rh4 47. Bh5 Rc4 48. Rf7+ Ke8 49. h7 Rc6+ 50. Kg5 1-0